Quick Pick: 1970s Authors Quiz Stats

 Plays Quiz Updated Jun 21, 2018

Challenge
Share
Tweet
Embed
Score 0/10 Timer 01:00
0 Plays Today
% Correct
Stephen King
93.7%
Roald Dahl
81%
Hunter S. Thompson
75.5%
Douglas Adams
73.2%
Kurt Vonnegut
68.6%
John Irving
67.1%
Richard Adams
56.8%
William Goldman
49.3%
Katherine Paterson
48.7%
Ellen Raskin
46.6%

Today's Daily Dose

Word Ladder
King of the...

Quick Pick
The Doors Songs

On This Day
August 17th II

You're not logged in!

Compare scores with friends on all Sporcle quizzes.
Join for Free
OR
Log In

You Might Also Like...

Show Comments

Extras

Top Quizzes Today


Score Distribution

Your Account Isn't Verified!

In order to create a playlist on Sporcle, you need to verify the email address you used during registration. Go to your Sporcle Settings to finish the process.

Report this User

Report this user for behavior that violates our Community Guidelines.

Details: